Cargando...
Retold short stories rev by TH Gee /
| Autor Principal: | |
|---|---|
| Idioma: | Undetermined |
| Publicado: |
1966.
|
| LEADER | 00515nam a2200133Ia 4500 | ||
|---|---|---|---|
| 001 | 38163 | ||
| 008 | 170722s9999 xx 000 0 und d | ||
| 100 | |a Khanna, Kc | ||
| 245 | |a Retold short stories rev by TH Gee / | ||
| 260 | |c 1966. | ||
| 942 | |c GEN | ||
| 999 | |c 68945 |d 68945 | ||
| 952 | |0 0 |1 0 |4 0 |6 O_31X_K61K611 |7 0 |9 97642 |a LIB |b LIB |d 2017-08-12 |l 2 |o O-,31x K61-K61;1 |p 112771 |r 2019-04-22 |s 2019-03-23 |w 2017-08-12 |y GEN | ||
| 952 | |0 1 |1 0 |4 0 |6 O_31X_K61K611 |7 0 |9 97643 |a LIB |b LIB |d 2017-08-12 |o O-,31x K61-K61;1 |p 112772 |r 2017-08-12 |w 2017-08-12 |y GEN | ||